[Event "Championnat de la Loire 2021-2022"]
[Site "Loire"]
[Date "2022.03.05"]
[Round "5.1"]
[White "Movsesian, Artur"]
[Black "Breuil, Tristan"]
[Result "0-1"]
[WhiteElo "2149"]
[BlackElo "2067"]
[PlyCount "88"]
[EventDate "2021.??.??"]

1. e4 c5 2. Nc3 Nc6 3. f4 g6 4. Bc4 Bg7 5. Nf3 e6 6. f5 Nge7 7. fxe6 dxe6 8.
O-O a6 9. a4 Nd4 10. d3 O-O 11. Bg5 Qc7 12. Qd2 Nec6 13. Bh6 Nxf3+ 14. Rxf3 Ne5
15. Rh3 Nxc4 16. dxc4 Rd8 17. Qg5 f6 18. Qh4 Bxh6 19. Qxh6 Rd4 20. e5 f5 21.
Ne2 Rd7 (21... Rxc4 22. Rd1 Qg7 23. Rd8+ Kf7 24. Qd2) 22. Nf4 Qxe5 23. Nxe6 Rf7
(23... Qxe6 24. Re3 Rd4 25. Rxe6 Bxe6) 24. Ng5 Rd7 25. c3 Qe2 26. Rf1 Qe7 (
26... Qxc4 27. Re3) 27. Nxh7 Qxh7 28. Qg5 Qf7 29. Re1 b5 30. Qh6 Qg7 31. Re8+
Kf7 32. Qe3 Rd1+ 33. Kf2 Ra7 34. Rxc8 Re7 35. Qxe7+ (35. Qg5) 35... Kxe7 36.
Re3+ Kd7 37. Ra8 Qf6 38. Ra7+ Kd8 39. Ke2 Rd6 40. Ra8+ Kc7 41. axb5 Re6 42.
Rxa6 Rxa6 43. bxa6 Qxa6 44. Kd3 Qd6+ 0-1

[Event "Championnat de la Loire 2021-2022"]
[Site "Loire"]
[Date "2022.03.05"]
[Round "5.2"]
[White "Bumba, Ovidiu"]
[Black "Breuil, Virgile"]
[Result "1/2-1/2"]
[WhiteElo "1888"]
[BlackElo "1902"]
[PlyCount "180"]
[EventDate "2021.??.??"]

1. d4 d5 2. Nf3 Nf6 3. c4 c6 4. Nc3 dxc4 5. a4 Bf5 6. e3 g6 7. Bxc4 e6 8. Qe2
Ne4 9. h3 Bg7 10. O-O O-O 11. Rd1 Nd7 12. Bd3 Nxc3 13. bxc3 Bxd3 14. Qxd3 f5
15. Ba3 Re8 16. Bd6 Nf6 17. Be5 b6 18. Rab1 Qd7 19. Qc2 Rad8 20. a5 b5 21. a6
Nd5 22. c4 Nb6 23. cxb5 cxb5 24. Qb3 Na4 25. Rdc1 Rc8 26. Bxg7 Kxg7 27. Rxc8
Rxc8 28. Qxb5 Rc1+ 29. Kh2 Qc7+ 30. Ne5 Nc3 31. Rxc1 Nxb5 32. Rxc7+ Nxc7 33.
Nc6 Nxa6 34. Nxa7 Kf6 35. Nc6 Nc7 36. Kg3 Nd5 37. Kf3 Nc3 38. Ne5 h5 39. h4 Ne4
40. Nc4 Nc3 41. Nd2 Nb5 42. Nc4 Nc3 43. g3 Ne4 44. Ke2 Nc3+ 45. Kf3 Ne4 46. Ne5
Nc3 47. Nd3 Ne4 48. Nf4 Nc3 49. Kg2 Ne4 50. f3 Nd2 51. Kf2 Nc4 52. Ke2 Nb2 53.
Kd2 Nc4+ 54. Kd3 Nb2+ 55. Kc3 Nd1+ 56. Kd2 Nb2 57. Nd3 Nc4+ 58. Ke2 Na3 59. Ne5
Nc2 60. Kd2 Nb4 61. e4 Na2 62. Ke3 Nc3 63. Nd7+ Ke7 64. Ne5 Kf6 65. Nd7+ Ke7
66. Nc5 Kf6 67. Kd3 Nb5 68. Nd7+ Ke7 69. Ne5 Kf6 70. Nc6 g5 71. hxg5+ Kxg5 72.
Nd8 Kf6 73. Ke3 Nc3 74. Nc6 Nd1+ 75. Ke2 Nc3+ 76. Kd2 Nb5 77. Kd3 Kg5 78. Nd8
Kf6 79. Nb7 f4 80. gxf4 h4 81. Ke3 Nxd4 82. Nd6 h3 83. e5+ Kg6 84. Kf2 h2 85.
Kg2 Nxf3 86. Kh1 Kh5 87. f5 Nxe5 88. fxe6 Nc6 89. Kxh2 Kg6 90. Ne8 Kf5 1/2-1/2

[Event "Championnat de la Loire 2021-2022"]
[Site "Loire"]
[Date "2022.03.05"]
[Round "5.3"]
[White "Chimier, Charles"]
[Black "Acikgoz, Tuncay"]
[Result "0-1"]
[WhiteElo "1789"]
[BlackElo "1858"]
[PlyCount "98"]
[EventDate "2021.??.??"]

1. d4 d5 2. c4 c6 3. Nc3 e6 4. Nf3 dxc4 5. Bg5 f6 6. Bh4 Bb4 7. a3 Bxc3+ 8.
bxc3 Ne7 9. e3 b5 10. Be2 O-O 11. O-O Nd5 12. Qc2 Nd7 13. Rfb1 N7b6 14. e4 Nf4
15. Bf1 Qe8 16. Bg3 Ng6 17. a4 e5 18. axb5 cxb5 19. Ra5 a6 20. dxe5 fxe5 21.
Qa2 Bb7 22. Nd2 Qc6 23. f3 Rfd8 24. Bf2 Nf4 25. Kh1 Nd7 26. g3 Ng6 27. Nxc4 Kh8
(27... bxc4 28. Bxc4+ Kh8 29. Bd5 Qxc3 30. Bxb7 Qxf3+ 31. Kg1) 28. Qb2 Nc5 29.
Qc2 Nxe4 30. Qxe4 Qxe4 31. fxe4 Bxe4+ 32. Bg2 Bxb1 33. Bxa8 Rxa8 34. Nb6 Rd8
35. Kg2 Be4+ 36. Kf1 Bb7 37. c4 b4 38. c5 b3 39. Nc4 Bc6 40. Ke1 Bb5 41. Nb2 e4
42. c6 Rc8 43. Ra3 Rxc6 44. Rxb3 Ne5 45. Kd2 Rd6+ 46. Ke3 Ng4+ 47. Kxe4 Nxf2+
48. Ke5 Rd2 49. Rf3 Kg8 0-1

[Event "Championnat de la Loire 2021-2022"]
[Site "Loire"]
[Date "2022.03.05"]
[Round "5.4"]
[White "Frey, Thierry"]
[Black "Guichard, Thomas"]
[Result "1-0"]
[WhiteElo "1814"]
[BlackElo "1676"]
[PlyCount "69"]
[EventDate "2021.??.??"]

1. e4 e6 2. d4 d5 3. Nd2 a6 4. Ngf3 c5 5. exd5 exd5 6. dxc5 Bxc5 7. Nb3 Ba7 8.
Nbd4 Nf6 9. Be2 O-O 10. O-O b5 11. c3 Bb7 12. a4 Nc6 13. axb5 axb5 14. Be3 Nxd4
15. Nxd4 Bxd4 16. Bxd4 b4 17. cxb4 Ne4 18. f3 Rxa1 19. Qxa1 Nd2 20. Rd1 Nb3 21.
Qa4 Nxd4 22. Rxd4 Qb6 23. Qd1 Re8 24. Kf1 Qh6 25. h3 Qe3 26. Qd2 Qe7 27. f4 Ra8
28. g3 h6 29. Bf3 Ba6+ 30. Kf2 Re8 31. Rxd5 Bb7 32. Re5 Qd8 33. Rxe8+ Qxe8 34.
Bxb7 Qe7 35. Bf3 1-0

[Event "Championnat de la Loire 2021-2022"]
[Site "Loire"]
[Date "2022.03.05"]
[Round "5.5"]
[White "Minchilli, Franco"]
[Black "Cursoux, Gerard"]
[Result "1-0"]
[WhiteElo "1632"]
[BlackElo "1811"]
[PlyCount "70"]
[EventDate "2021.??.??"]

1. d4 c5 2. Nf3 cxd4 3. Nxd4 Nc6 4. c3 d5 5. Bf4 Nf6 6. e3 e6 7. Nd2 Bd6 8. Bg3
Bxg3 9. hxg3 e5 10. N4b3 Bf5 11. Bb5 a6 12. Be2 O-O 13. Nf1 Qb6 14. Bd3 Bg6 15.
Bxg6 fxg6 16. g4 d4 17. Qf3 e4 18. Qh3 Ne5 19. Nfd2 dxc3 20. bxc3 Nd3+ 21. Kf1
Nxf2 22. Kxf2 Nxg4+ 23. Ke1 h5 24. Nd4 Qb2 25. N4b3 Qxc3 26. Rc1 Qd3 27. Nc5
Qa3 28. Rc4 b5 29. Rc2 Rac8 30. Ndxe4 Qb4+ 31. Ke2 Rxc5 32. Nxc5 Rf2+ 33. Kd1
Qb1+ 34. Rc1 Qxa2 35. Ne4 Qe2# 1-0

[Event "Championnat de la Loire 2021-2022"]
[Site "Loire"]
[Date "2022.03.05"]
[Round "5.6"]
[White "Tchalimian, Pascal"]
[Black "Lavisse, Christian"]
[Result "1-0"]
[WhiteElo "1943"]
[BlackElo "1551"]
[PlyCount "87"]
[EventDate "2021.??.??"]

1. b3 d5 2. e3 Nf6 3. Bb2 c5 4. a3 a6 5. d4 Nc6 6. Bd3 Bg4 7. f3 Bh5 8. dxc5 e5
9. b4 b6 10. b5 e4 11. Be2 exf3 12. Nxf3 Bxf3 13. gxf3 axb5 14. Bxb5 Rc8 15.
Rg1 bxc5 16. Qd2 g6 17. Nc3 d4 18. Ne2 Bh6 19. f4 Ne4 20. Qd3 Qh4+ 21. Ng3 Nd6
22. O-O-O Nxb5 23. Qxb5 O-O 24. Nf5 Qxh2 25. Rh1 Qf2 26. Nxh6+ Kg7 27. Ng4 Qf3
28. Rdg1 f5 29. Ne5 Qxe3+ 30. Kb1 Nxe5 31. fxe5 Qxe5 32. Qd7+ Kf6 33. Rxh7 Rb8
34. Qg7+ Ke6 35. Qxg6+ (35. Rxg6+ Kd5 36. Qd7+ Kc4 37. Qa4+ Rb4 38. axb4 Qe1+)
35... Rf6 36. Qg2 Qe4 37. Qf2 Kd5 38. Re1 Qg4 39. Rh4 Qg5 40. Ka1 f4 41. Qf3+
Kd6 42. Rh5 Qg6 43. Qd5+ Kc7 44. Re7+ 1-0

[Event "Championnat de la Loire 2021-2022"]
[Site "Loire"]
[Date "2022.03.05"]
[Round "5.7"]
[White "Zaouak, Fahim"]
[Black "Boeuf, Jean-Julien"]
[Result "1-0"]
[WhiteElo "1609"]
[BlackElo "1451"]
[PlyCount "71"]
[EventDate "2021.??.??"]

1. d4 Nf6 2. e3 d5 3. f4 Bf5 4. Nf3 e6 5. Nbd2 Be7 6. a3 O-O 7. Nh4 Bg4 8. Nhf3
h6 9. Bd3 c5 10. c3 c4 11. Bc2 Nc6 12. O-O b5 13. Qe1 Bf5 14. Bxf5 exf5 15. Ne5
Nxe5 16. fxe5 Ng4 17. Rxf5 Bf6 18. Rf3 h5 19. Nf1 Bh4 20. g3 Be7 21. e4 f6 22.
exf6 Nxf6 23. exd5 Qxd5 24. Re3 Bd6 25. Qd2 Ng4 26. Re4 Rf2 27. Qe1 Raf8 28.
Nd2 Nxh2 29. Qxf2 Rxf2 30. Kxf2 Qg5 31. Re8+ Kh7 32. Ne4 Ng4+ 33. Kg2 Qg6 34.
Ng5+ Kh6 35. Nf7+ Kh7 36. Rh8# 1-0

[Event "Championnat de la Loire 2021-2022"]
[Site "Loire"]
[Date "2022.03.05"]
[Round "5.8"]
[White "Doran, Niall"]
[Black "Dos Santos, Lilian"]
[Result "1/2-1/2"]
[WhiteElo "1726"]
[BlackElo "1696"]
[PlyCount "147"]
[EventDate "2021.??.??"]

1. e4 c6 2. d4 d5 3. e5 Bf5 4. h4 h6 5. g4 Bh7 6. e6 fxe6 7. Bd3 e5 8. dxe5 Qc7
9. Nf3 e6 10. Bxh7 Rxh7 11. Qd3 Rh8 12. O-O Na6 13. a3 Bc5 14. b4 Bb6 15. c4
Qf7 16. c5 Bc7 17. Bb2 Ne7 18. Nbd2 Rf8 19. Bd4 Qf4 20. Nh2 Bxe5 21. Bxe5 Qxe5
22. Rae1 Qf6 23. Qg3 Kf7 24. Re3 Kg8 25. Rfe1 Rae8 26. Rxe6 Qf7 27. Nhf3 Ng6
28. Rxe8 Rxe8 29. Rxe8+ Qxe8 30. h5 Nf8 31. Ne5 Nc7 32. f4 Nb5 33. Qd3 Qe6 34.
Ndf3 Qf6 35. Qe3 g6 36. a4 Nc7 37. hxg6 Nxg6 38. Nxg6 Qxg6 39. g5 Qe6 40. Kf2
Qxe3+ 41. Kxe3 hxg5 42. Nxg5 Na6 43. Kd4 Nxb4 44. f5 Kg7 45. Ke5 Nd3+ 46. Ke6
Nf4+ 47. Ke7 d4 48. f6+ Kh6 49. Nf7+ Kh5 50. Ne5 d3 51. f7 d2 52. f8=Q Nd5+ 53.
Ke6 d1=Q 54. Qf5+ Kh4 55. Ng6+ Kg3 56. Qe5+ Kh3 57. Qh8+ Kg2 58. Nh4+ Kf2 59.
Qf8+ Ke2 60. Qf3+ Kd2 61. Qxd1+ Kxd1 62. Nf5 Nc3 63. Nd6 b6 64. cxb6 axb6 65.
Nc4 b5 66. axb5 cxb5 67. Kd6 b4 68. Na5 Na4 69. Kd5 Nb2 70. Kc5 Nd3+ 71. Kc4
Kc2 72. Nb3 Kb2 73. Nc5 Nxc5 74. Kxb4 1/2-1/2

[Event "Championnat de la Loire 2021-2022"]
[Site "Loire"]
[Date "2022.03.05"]
[Round "5.9"]
[White "Carteron, Olivier"]
[Black "Colin-Khuu, Vincent"]
[Result "0-1"]
[WhiteElo "1462"]
[BlackElo "1795"]
[PlyCount "100"]
[EventDate "2021.??.??"]

1. d4 Nf6 2. c3 g6 3. Nf3 Bg7 4. Bg5 Ne4 5. Bf4 c5 6. e3 cxd4 7. exd4 d6 8. Bd3
f5 9. Nbd2 Nxd2 10. Qxd2 O-O 11. Bg5 Nc6 12. Bh6 e5 13. Bxg7 Kxg7 14. dxe5 dxe5
15. Bb5 Qxd2+ 16. Kxd2 e4 17. Bxc6 bxc6 18. Nd4 Rd8 19. Kc2 c5 20. Nb3 c4 21.
Nd4 Kf6 22. Rad1 Bb7 23. Rhe1 Rd6 24. g3 Rad8 25. b3 cxb3+ 26. axb3 Ba6 27. Ra1
Bd3+ 28. Kb2 a6 29. Ra3 h6 30. h4 Rh8 31. b4 g5 32. h5 Rhd8 33. Ra5 Rd5 34.
Rxd5 Rxd5 35. Ra1 g4 36. Nb3 Kg5 37. Ra5 Bb5 38. Nd4 Kxh5 39. Nxb5 axb5 40. c4
Rd2+ 41. Kc3 Rd3+ 42. Kc2 bxc4 43. Rxf5+ Kg6 44. Rf4 h5 45. Rxe4 Rf3 46. b5
Rxf2+ 47. Kc1 Rf5 48. Rxc4 Rxb5 49. Kd1 Re5 50. Rf4 Re3 0-1

[Event "Championnat de la Loire 2021-2022"]
[Site "Loire"]
[Date "2022.03.05"]
[Round "5.10"]
[White "Martin, Julien"]
[Black "Philip, Sylvain"]
[Result "0-1"]
[WhiteElo "1417"]
[BlackElo "1738"]
[PlyCount "136"]
[EventDate "2021.??.??"]

1. e4 e5 2. Nf3 Nc6 3. d4 exd4 4. Nxd4 Qf6 5. Nxc6 dxc6 6. Nc3 Be6 7. Bd3 O-O-O
8. Be3 Kb8 9. Qd2 h6 10. O-O Bb4 11. a3 Ba5 12. b4 Bb6 13. Bxb6 cxb6 14. Ne2
Ne7 15. Qe3 g5 16. Qg3+ Ka8 17. e5 Qg7 18. Nc3 Rhg8 19. Ne4 Nf5 20. Qf3 Qxe5
21. Rfe1 g4 22. Qd1 Qg7 23. Qe2 h5 24. Ng3 Nxg3 25. fxg3 Rh8 26. Qe5 Qxe5 27.
Rxe5 h4 28. Bf5 hxg3 29. hxg3 Rh5 30. Rf1 Rdh8 31. Rf4 b5 32. Kf2 Kb8 33. Ke3
Kc7 34. Ke4 Kd6 35. Rxg4 Bd5+ 36. Kf4 R8h6 37. Re2 Rf6 38. Rg5 Rh1 39. g4 Rf1+
40. Kg3 Rh6 41. Rf2 Ra1 42. Rd2 Rxa3+ 43. Kf2 Ke7 44. Bc8 b6 45. Re5+ Kd6 46.
Rf5 a5 47. bxa5 bxa5 48. Rxf7 Kc5 49. Rf5 Rc3 50. g5 Rg6 51. Bd7 Kb6 52. Be8
Rg7 53. g6 a4 54. Rf6 Ka5 55. Rd6 a3 56. Rd8 a2 57. Ra8+ Kb4 58. Rd4+ Kc5 59.
Rd2 b4 60. g3 Re7 61. Rxd5+ Kxd5 62. Bf7+ Ke5 63. Rxa2 Kf6 64. Rb2 c5 65. g4
Re4 66. g5+ Kg7 67. Ra2 Ra3 68. Rb2 Re5 0-1

[Event "Championnat de la Loire 2021-2022"]
[Site "Loire"]
[Date "2022.03.05"]
[Round "5.12"]
[White "Walter, Alain"]
[Black "Soave, Rene"]
[Result "1-0"]
[WhiteElo "1534"]
[BlackElo "1199"]
[PlyCount "73"]
[EventDate "2021.??.??"]

1. e4 e5 2. Nf3 Nc6 3. Bb5 Nf6 4. O-O d6 5. Re1 Be7 6. c3 O-O 7. d3 a6 8. Ba4
b5 9. Bb3 Bg4 10. Nbd2 Rb8 11. Nf1 a5 12. Ng3 b4 13. h3 Bxf3 14. Qxf3 bxc3 15.
bxc3 Re8 16. Ba4 Qd7 17. Nf5 Bf8 18. Bg5 Re6 19. Bb3 Rxb3 20. axb3 Re8 21. Bxf6
gxf6 22. Re3 Qe6 23. Qg4+ Kh8 24. Rg3 Ne7 25. Nh6 Ng6 26. Nf5 Qxb3 27. Rxa5
Qxc3 28. Ra4 Qc1+ 29. Kh2 Bh6 30. Nxh6 Qxh6 31. Qd7 Qf8 32. Qxc7 Kg7 33. Ra6
Re6 34. Ra7 h6 35. Qc4 h5 36. Qxe6 Kh7 37. Qxf6 1-0

[Event "Championnat de la Loire 2021-2022"]
[Site "Loire"]
[Date "2022.03.05"]
[Round "5.13"]
[White "Riou, Anthony"]
[Black "Vier, Serge"]
[Result "1-0"]
[WhiteElo "1199"]
[BlackElo "1506"]
[PlyCount "75"]
[EventDate "2021.??.??"]

1. e4 e6 2. d4 d5 3. exd5 exd5 4. Nf3 Bd6 5. Bd3 Ne7 6. h3 Bf5 7. c3 Bxd3 8.
Qxd3 O-O 9. O-O c6 10. Ng5 Ng6 11. Be3 Qc7 12. Nd2 Nd7 13. Rae1 Nf6 14. Ngf3
Rfe8 15. Qc2 Ne4 16. Ng5 Nxd2 17. Bxd2 h6 18. Nf3 Qd8 19. Rxe8+ Qxe8 20. Re1
Qd8 21. Qc1 Qf6 22. Re2 Nf4 23. Bxf4 Bxf4 24. Qe1 Bd6 25. Kf1 Rd8 26. Re8+ Rxe8
27. Qxe8+ Kh7 28. Qa8 Qe7 29. Qxa7 Bf4 30. a4 Qc7 31. a5 Qb8 32. Qxb8 Bxb8 33.
Ke2 Bd6 34. Kd3 Kg6 35. Ne5+ Bxe5 36. dxe5 c5 37. b4 Kf5 38. bxc5 1-0

[Event "Championnat de la Loire 2021-2022"]
[Site "Loire"]
[Date "2022.03.05"]
[Round "5.14"]
[White "Picard, Vincent"]
[Black "Mauvais, Benjamin"]
[Result "1-0"]
[WhiteElo "1712"]
[BlackElo "1297"]
[PlyCount "127"]
[EventDate "2021.??.??"]

1. Nf3 Nf6 2. c4 g6 3. Nc3 Bg7 4. e4 d6 5. d4 Bg4 6. Be3 O-O 7. Be2 Nc6 8. d5
Ne5 9. Nxe5 Bxe2 10. Nxf7 Bxd1 11. Nxd8 Rfxd8 12. Rxd1 a6 13. O-O Ng4 14. Bd4
Ne5 15. b3 Rf8 16. f4 Nd7 17. Bxg7 Kxg7 18. Ne2 Rf6 19. Nd4 Nc5 20. e5 Rf7 21.
g3 Raf8 22. b4 dxe5 23. fxe5 Rxf1+ 24. Rxf1 Rxf1+ 25. Kxf1 Nd3 26. Ne6+ Kf7 27.
Nxc7 Nxe5 28. c5 Kf6 29. Ke2 Kf5 30. c6 bxc6 31. dxc6 Nxc6 32. Nxa6 Nd4+ 33.
Ke3 e5 34. h3 Nc2+ 35. Kd3 Ne1+ 36. Ke2 Nc2 37. Kd2 Na3 38. Nc5 g5 39. Kd3 h5
40. Ne4 g4 41. h4 Ke6 42. Nc3 Kd6 43. Ke4 Ke6 44. b5 Nc4 45. a4 Nd2+ 46. Kd3
Nb3 47. b6 Nc5+ 48. Kc4 Kd6 49. Kb5 e4 50. a5 e3 51. a6 Nxa6 52. Kxa6 Kc5 53.
b7 Kc4 54. Ne2 Kd3 55. Nf4+ Ke4 56. b8=Q Kf3 57. Nd3 e2 58. Qe5 Kg2 59. Qf4 Kh2
60. Kb5 Kg2 61. Kc4 e1=Q 62. Nxe1+ Kh2 63. Qf2+ Kh1 64. Qg2# 1-0

[Event "Championnat de la Loire 2021-2022"]
[Site "Loire"]
[Date "2022.03.05"]
[Round "5.15"]
[White "Barrandon, Georges"]
[Black "Joly, Christian"]
[Result "1-0"]
[WhiteElo "1312"]
[BlackElo "1457"]
[PlyCount "85"]
[EventDate "2021.??.??"]

1. d4 Nf6 2. Nf3 g6 3. Bg5 Bg7 4. h3 d6 5. Qc1 Nbd7 6. Bh6 O-O 7. Bxg7 Kxg7 8.
e3 c5 9. c3 a6 10. Bd3 b5 11. O-O Bb7 12. Nbd2 Rc8 13. Qd1 c4 14. Be2 d5 15.
Rc1 a5 16. b3 Re8 17. bxc4 bxc4 18. Qc2 e5 19. Rb1 Ba8 20. Rb2 exd4 21. Nxd4
Nc5 22. Rfb1 Qd7 23. Nb5 Bc6 24. Nd4 Ba4 25. Qc1 Qa7 26. Nb5 Bxb5 27. Rxb5 Rb8
28. Qa3 Nfd7 29. Rxa5 Rxb1+ 30. Nxb1 Qb7 31. Nd2 Qc6 32. Bf3 Qe6 33. Rxc5 Nxc5
34. Qxc5 Rd8 35. Qd4+ Kg8 36. Nxc4 Qc6 37. Nd2 Qd7 38. Nb3 Qb7 39. c4 Qb4 40.
Bxd5 Rd7 41. Qc5 Qe1+ 42. Kh2 Qxf2 43. Qc8+ 1-0

[Event "Championnat de la Loire 2021-2022"]
[Site "Loire"]
[Date "2022.03.05"]
[Round "5.16"]
[White "Megnot, Philippe"]
[Black "Genolet, Yannis"]
[Result "1-0"]
[WhiteElo "1438"]
[BlackElo "1199"]
[PlyCount "85"]
[EventDate "2021.??.??"]

1. e4 e5 2. Nf3 Nc6 3. Bb5 Nf6 4. d3 Bc5 5. c3 O-O 6. Bg5 h6 7. Bh4 d6 8. h3
Be6 9. O-O a6 10. Ba4 b5 11. Bc2 d5 12. Nbd2 Be7 13. Bg3 Qd6 14. d4 Nh5 15.
dxe5 Qc5 16. Nb3 Qb6 17. Bh2 Rad8 18. Qe2 dxe4 19. Bxe4 Na5 20. Qc2 Nc4 21. g4
Nf6 22. exf6 Bxf6 23. Rad1 c6 24. Rxd8 Rxd8 25. Rd1 Rxd1+ 26. Qxd1 Nxb2 27. Qc2
Nc4 28. Nbd4 c5 29. Nxe6 Qxe6 30. Qd3 Nb2 31. Qc2 Qxa2 32. Be5 Bxe5 33. Nxe5
Qa3 34. Qd2 g6 35. Qd8+ Kg7 36. Nd7 Qxc3 37. Qf8+ Kh7 38. Qxf7+ Qg7 39. Nf8+
Kh8 40. Nxg6+ Kh7 41. Ne7+ Kh8 42. Qe8+ Qg8 43. Qxg8# 1-0

[Event "Championnat de la Loire 2021-2022"]
[Site "Loire"]
[Date "2022.03.05"]
[Round "5.17"]
[White "Trottet, Francois"]
[Black "Taillepierre, Michel"]
[Result "1-0"]
[WhiteElo "1414"]
[BlackElo "1277"]
[PlyCount "137"]
[EventDate "2021.??.??"]

1. e4 e6 2. d4 d5 3. Nd2 Nf6 4. e5 Nfd7 5. Bd3 c5 6. c3 cxd4 7. cxd4 Nc6 8. Ne2
Be7 9. O-O O-O 10. a3 Re8 11. f4 Nf8 12. Nf3 f6 13. exf6 Bxf6 14. Ne5 Nd7 15.
Bb5 Ne7 16. Ng3 a6 17. Be2 Rf8 18. Nh5 Qb6 19. Nxf6+ Nxf6 20. Rb1 Nf5 21. Nf3
Ng4 22. Qd3 Bd7 23. Qc3 Rac8 24. Qb4 Qa7 25. Ne5 a5 26. Qe1 Qxd4+ 27. Kh1 Nxe5
28. fxe5 Qxe5 29. Bf4 Qe4 30. Rf2 Rc2 31. Bd2 Nh4 32. Rxf8+ Kxf8 33. Qf1+ Kg8
34. Bd3 Qxg2+ 35. Qxg2 Nxg2 36. Bxc2 Nh4 37. Bxa5 e5 38. Be1 Nf3 39. Bb4 g6 40.
Rd1 Bc6 41. Bb3 Nd4 42. Ba2 Kf7 43. Bc5 Ne6 44. Bxd5 Bxd5+ 45. Rxd5 Kf6 46. Bd6
e4 47. Be5+ Kg5 48. Bg3+ Kg4 49. Rd7 h5 50. Rxb7 h4 51. Be1 Nc5 52. Rb5 Nd3 53.
Bd2 Kf3 54. Rb3 Ke2 55. Bg5 Nf2+ 56. Kg2 h3+ 57. Kg3 Nh1+ 58. Kh4 Nf2 59. Re3+
Kf1 60. a4 Kg2 61. Rg3+ Kxh2 62. Be3 g5+ 63. Bxg5 Nd3 64. Rxh3+ Kg2 65. Rg3+
Kf1 66. b3 Ne5 67. Re3 Nf3+ 68. Kg4 Nd2 69. a5 1-0

[Event "Championnat de la Loire 2021-2022"]
[Site "Loire"]
[Date "2022.03.05"]
[Round "5.19"]
[White "Mialon, Franck"]
[Black "Brachet, Gerard"]
[Result "1-0"]
[WhiteElo "1217"]
[BlackElo "1296"]
[PlyCount "69"]
[EventDate "2021.??.??"]

1. e4 e5 2. Nc3 Nf6 3. d3 h6 4. f4 Nc6 5. Nf3 d6 6. Be2 a6 7. O-O Nd4 8. Nxd4
exd4 9. Nd5 Nxd5 10. exd5 Bf5 11. Re1 Be7 12. Bg4 g6 13. c3 Qd7 14. Bxf5 Qxf5
15. Qe2 Qd7 16. Qe4 f5 17. Qxd4 O-O-O 18. Qa7 c5 19. dxc6 bxc6 20. Qxa6+ Qb7
21. Qxb7+ Kxb7 22. Rxe7+ Kc8 23. a4 Rhe8 24. Rxe8 Rxe8 25. a5 Kb7 26. a6+ Ka7
27. Kf2 h5 28. Be3+ c5 29. b4 Kb6 30. bxc5+ dxc5 31. d4 cxd4 32. Bxd4+ Kb5 33.
a7 Ra8 34. Rb1+ Kc4 35. Rb8 1-0

[Event "Championnat de la Loire 2021-2022"]
[Site "Loire"]
[Date "2022.03.05"]
[Round "5.20"]
[White "Libiszewski, Christian"]
[Black "Soubeyran, Emilie"]
[Result "1-0"]
[WhiteElo "1251"]
[BlackElo "1186"]
[PlyCount "101"]
[EventDate "2021.??.??"]

1. e4 d5 2. exd5 Nf6 3. d4 Nxd5 4. Nf3 Bg4 5. Be2 g6 6. O-O Bg7 7. c3 O-O 8. c4
Nb6 9. Be3 e6 10. Nc3 Nc6 11. Qd2 Nxd4 12. Nxd4 Bxe2 13. Ncxe2 c5 14. Nb3 Nxc4
15. Qxd8 Raxd8 16. Bxc5 Rfe8 17. Bxa7 Bxb2 18. Rab1 Ra8 19. Bd4 Bxd4 20. Nexd4
Rxa2 21. Rfc1 Ne5 22. Nc5 Rd8 23. Nf3 Nxf3+ 24. gxf3 Rdd2 25. Ne4 Rd3 26. Kg2
Kg7 27. Rxb7 Raa3 28. Ng5 Kh6 29. Nxf7+ Kh5 30. Ne5 Rd5 31. Rxh7+ Kg5 32. Re1
Ra4 33. Ng4 Raa5 34. Rxe6 Rf5 35. Kg3 Rf4 36. Re5+ Rxe5 37. Nxe5 Rf5 38. h4+
Kf6 39. f4 Ke6 40. Rg7 Rf6 41. Rxg6 Rxg6+ 42. Nxg6 Kf6 43. Ne5 Kg7 44. Kg4 Kh6
45. f5 Kg7 46. Kg5 Kh7 47. h5 Kg7 48. f6+ Kh7 49. h6 Kg8 50. Kg6 Kh8 51. Nf7+
1-0